000 00990nam a2200265Ia 4500
003 OSt
005 20221005111318.0
006 a|||||r|||| 00| 0
007 ta
008 221004b |||||||| |||| 00| 0 hin d
020 _a8170553806 (hbk)
_c90
024 _a97673
037 _b1330, 02/03/2009, Pioneer Books Distributors
_cTextual
040 _aCRL
_cCRL
_bhin
041 _2hin
_ahin
082 _aV2y7M63, 152P5
100 _aविवेकानन्द
245 0 _aभक्ति और वेदान्त
246 _aBhakti aur vedānta
260 _aनई दिल्ली
_bवाणी प्रकाशन भारत
_c2005
300 _a79पृ0
_ccm.
700 _a शर्मा, रामविलास, अनु.
942 _hV2y7M63, 152P5
_cTEXL
_2cc
999 _c1021468
_d1021468